[Event "SVK-chT 2324"]
[Site "Slovakia"]
[Date "2023.12.10"]
[Round "4.8"]
[White "Petran, Peter"]
[Black "Blaho, Stefan"]
[Result "1-0"]
[WhiteElo "2188"]
[BlackElo "2051"]
[PlyCount "83"]
[EventDate "2023.11.04"]
[EventType "team-tourn"]
[EventRounds "11"]
[EventCountry "SVK"]
[SourceTitle "CB04_2024"]
[SourceDate "2023.10.16"]
[SourceVersion "1"]
[SourceVersionDate "2023.10.16"]
[SourceQuality "1"]
[WhiteTeam "Bratislava Slovan"]
[BlackTeam "Podhajska Aquamarin"]
[WhiteTeamCountry "SVK"]
[BlackTeamCountry "SVK"]

1. c4 e5 2. g3 Nf6 3. Bg2 c6 4. d4 e4 5. d5 Bb4+ 6. Bd2 Bxd2+ 7. Qxd2 0-0 8. Nc3 Re8 9. e3 d6 10. Nge2 c5 11. h3 Bf5 12. g4 Bg6 13. Nf4 Re5 14. Qe2 Qd7 15. 0-0-0 Na6 16. a3 Nc7 17. Rhg1 Rae8 18. Bh1 h6 19. h4 a6 20. Rg3 b5 21. b3 b4 22. axb4 cxb4 23. Na4 a5 24. Rdg1 Nfxd5 25. cxd5 Nxd5 26. Rd1 Nc3 27. Nxc3 Rc5 28. Nfd5 a4 29. Qc2 bxc3 30. b4 Rc6 31. h5 Bh7 32. g5 hxg5 33. Rxg5 Kh8 34. Rdg1 f6 35. Rxg7 Qd8 36. Rxh7+ Kxh7 37. Bxe4+ Kh8 38. Nxf6 Rc7 39. Nxe8 Qxe8 40. Bd5 Rg7 41. Qxc3 Qe5 42. Qxe5 1-0

[Event "SVK-ch rapid"]
[Site "Podbanske"]
[Date "2022.09.11"]
[Round "8"]
[White "Blaho, Stefan"]
[Black "Becskei, Zoltan"]
[Result "0-1"]
[WhiteElo "2024"]
[BlackElo "2206"]
[PlyCount "134"]
[EventDate "2022.09.10"]
[EventType "swiss (rapid)"]
[EventRounds "9"]
[EventCountry "SVK"]
[SourceTitle "CBM 210 Extra"]
[Source "ChessBase"]
[SourceDate "2022.11.30"]
[SourceVersion "1"]
[SourceVersionDate "2022.11.30"]
[SourceQuality "1"]

1. d4 d5 2. Bf4 c5 3. e3 Nf6 4. c3 Nc6 5. Nd2 cxd4 6. exd4 Bg4 7. Ngf3 e6 8. Qb3 Qc8 9. Bd3 Be7 10. 0-0 0-0 11. Ne5 Bh5 12. Rfe1 Nxe5 13. Bxe5 Bg6 14. Bxg6 hxg6 15. a4 Qd7 16. Qb5 a6 17. Qxd7 Nxd7 18. Bg3 Rac8 19. Nb3 Nf6 20. f3 Nh5 21. a5 Nxg3 22. hxg3 Bd6 23. Kf2 Rfe8 24. f4 f6 25. Rad1 Kf7 26. Re2 Rc4 27. Rde1 Ra4 28. Kf3 Re7 29. Re3 Rc4 30. Nd2 Rc8 31. Rd3 Bb8 32. Rde3 Rh8 33. Nb3 Bd6 34. Nc1 Rb8 35. Nd3 b6 36. axb6 Rxb6 37. Ra1 Ra7 38. Ra5 Rb5 39. Ra4 a5 40. Re1 Re7 41. Rea1 Bc7 42. R1a2 g5 43. fxg5 e5 44. gxf6 e4+ 45. Kf2 Kxf6 46. Nf4 g5 47. Ne2 Kf5 48. Ke3 Kg4 49. R4a3 Rf7 50. b3 Rf1 51. c4 dxc4 52. bxc4 Rbf5 53. Kxe4 Rf8 54. c5 Rd1 55. Kd5 Re8 56. Kc6 Bb8 57. Rxa5 Bxg3 58. Ra8 Re7 59. R8a7 Re8 60. Rd7 Rc8+ 61. Kb6 Bf2 62. Rb2 Ra1 63. c6 Raa8 64. Kc5 Be1 65. d5 Bf2+ 66. Kd6 Re8 67. c7 Ra6+ 0-1

[Event "SVK-ch rapid"]
[Site "Podbanske"]
[Date "2022.09.11"]
[Round "6"]
[White "Schwarz, Dusan"]
[Black "Blaho, Stefan"]
[Result "1-0"]
[WhiteElo "2203"]
[BlackElo "2024"]
[PlyCount "73"]
[EventDate "2022.09.10"]
[EventType "swiss (rapid)"]
[EventRounds "9"]
[EventCountry "SVK"]
[SourceTitle "CBM 210 Extra"]
[Source "ChessBase"]
[SourceDate "2022.11.30"]
[SourceVersion "1"]
[SourceVersionDate "2022.11.30"]
[SourceQuality "1"]

1. d4 d6 2. c4 Nf6 3. Nc3 e5 4. Nf3 e4 5. Nd2 Bf5 6. g4 e3 7. gxf5 Ng4 8. Nf3 exf2+ 9. Kd2 g6 10. Kc2 Nc6 11. a3 Qd7 12. Qd3 0-0-0 13. h3 Nh6 14. fxg6 hxg6 15. e4 Bg7 16. Bg2 Rde8 17. Be3 f5 18. Bxf2 fxe4 19. Nxe4 Nf5 20. Rad1 Na5 21. Kb1 Qa4 22. Nfd2 Rhf8 23. Rhe1 Kb8 24. Nc3 Qd7 25. Rxe8+ Rxe8 26. Nf3 Qf7 27. Nd5 c6 28. Ne3 Nxe3 29. Bxe3 Nxc4 30. Bc1 a5 31. d5 cxd5 32. Ng5 Qf6 33. Qxd5 Nxa3+ 34. Ka2 Re7 35. Kxa3 Ka8 36. Re1 Rxe1 37. Qxb7# 1-0

[Event "SVK-chT2A 2122"]
[Site "Slovakia"]
[Date "2021.11.14"]
[Round "4.4"]
[White "Bochnicka, Vladimir1111"]
[Black "Blaho, Stefan"]
[Result "1-0"]
[WhiteElo "2199"]
[BlackElo "2051"]
[PlyCount "63"]
[EventDate "2021.10.16"]
[EventType "team-tourn"]
[EventRounds "11"]
[EventCountry "SVK"]
[SourceTitle "EXT 2023"]
[Source "ChessBase"]
[SourceDate "2022.10.05"]
[SourceVersion "1"]
[SourceVersionDate "2022.10.05"]
[SourceQuality "1"]
[WhiteTeam "Modra II"]
[BlackTeam "Dunajska Streda II"]
[WhiteTeamCountry "SVK"]
[BlackTeamCountry "SVK"]

1. e4 d6 2. d4 Nf6 3. Nc3 e5 4. Nf3 Nbd7 5. Bc4 Be7 6. 0-0 0-0 7. Qe2 c6 8. Bb3 b5 9. d5 b4 10. dxc6 bxc3 11. cxd7 Bb7 12. bxc3 Nxe4 13. Nd2 Nxd2 14. Bxd2 Qxd7 15. f4 Bf6 16. Rad1 Rae8 17. Qf2 a5 18. fxe5 Bxe5 19. Bf4 a4 20. Bc4 Bxf4 21. Qxf4 Re4 22. Rxd6 Qe7 23. Bxf7+ Kh8 24. Qd2 Re2 25. Rd7 Qe4 26. Bd5 Rxf1+ 27. Kxf1 Bxd5 28. Rd8+ Bg8 29. Qxe2 Qf4+ 30. Kg1 Qc1+ 31. Qd1 Qe3+ 32. Kh1 1-0

[Event "Skalica Rapid op"]
[Site "Skalica"]
[Date "2020.08.29"]
[Round "6"]
[White "Blaho, Stefan"]
[Black "Chlpek, Daniel"]
[Result "1/2-1/2"]
[WhiteElo "2090"]
[BlackElo "1879"]
[PlyCount "56"]
[EventDate "2020.08.29"]
[EventType "swiss (rapid)"]
[EventRounds "7"]
[EventCountry "SVK"]
[SourceTitle "CBM 198 Extra"]
[Source "ChessBase"]
[SourceDate "2020.11.30"]
[SourceVersion "1"]
[SourceVersionDate "2020.11.30"]
[SourceQuality "1"]

1. d4 d5 2. Bf4 Nf6 3. e3 c5 4. c3 Nc6 5. Bd3 Qb6 6. Qc1 Bg4 7. Nd2 e6 8. h3 Bh5 9. Ngf3 Rc8 10. Qb1 cxd4 11. exd4 Be7 12. 0-0 0-0 13. Re1 Bg6 14. Bxg6 hxg6 15. Re3 Rfd8 16. Ne5 Nxe5 17. Bxe5 Bd6 18. Nf3 Ne4 19. Re2 Qb5 20. Qe1 a5 21. Bxd6 Rxd6 22. Ne5 Rb6 23. c4 Qb4 24. c5 Qxe1+ 25. Raxe1 Rb4 26. f3 Ng3 27. Rd2 Nf5 28. Red1 Ne3 1/2-1/2

[Event "SVK-ch rapid"]
[Site "Topolcany"]
[Date "2020.07.11"]
[Round "3"]
[White "Aczel, Gergely"]
[Black "Blaho, Stefan"]
[Result "1-0"]
[WhiteElo "2506"]
[BlackElo "2102"]
[PlyCount "47"]
[EventDate "2020.07.11"]
[EventType "swiss (rapid)"]
[EventRounds "9"]
[EventCountry "SVK"]
[SourceTitle "CBM 197 Extra"]
[Source "ChessBase"]
[SourceDate "2020.09.30"]
[SourceVersion "1"]
[SourceVersionDate "2020.09.30"]
[SourceQuality "1"]

1. d4 d5 2. c4 e6 3. Nc3 Nf6 4. cxd5 exd5 5. Bg5 Bb4 6. e3 Nbd7 7. Bd3 c5 8. a3 Bxc3+ 9. bxc3 Qa5 10. Ne2 0-0 11. 0-0 c4 12. Bc2 Re8 13. f3 h6 14. Bxf6 Nxf6 15. Qd2 Bd7 16. Rfe1 Re7 17. Ng3 h5 18. e4 h4 19. e5 Ng4 20. Nh5 g6 21. fxg4 gxh5 22. Qg5+ Kf8 23. Qh6+ Kg8 24. Qh7+ 1-0

[Event "SVK-ch rapid"]
[Site "Topolcany"]
[Date "2020.07.11"]
[Round "7"]
[White "Blaho, Stefan"]
[Black "Salgovic, Simon"]
[Result "1-0"]
[WhiteElo "2102"]
[BlackElo "1787"]
[PlyCount "70"]
[EventDate "2020.07.11"]
[EventType "swiss (rapid)"]
[EventRounds "9"]
[EventCountry "SVK"]
[SourceTitle "CBM 197 Extra"]
[Source "ChessBase"]
[SourceDate "2020.09.30"]
[SourceVersion "1"]
[SourceVersionDate "2020.09.30"]
[SourceQuality "1"]

1. d4 Nf6 2. Bf4 g6 3. e3 Bg7 4. Nd2 d6 5. Ngf3 0-0 6. h3 Re8 7. Be2 Nc6 8. Bh2 e5 9. 0-0 exd4 10. exd4 d5 11. Bd3 Ne4 12. c3 f5 13. Qc2 Be6 14. b4 Kh8 15. Nb3 Bg8 16. b5 Ne7 17. Ne5 Nc8 18. f3 Ng5 19. Nc5 Nd6 20. h4 Ne6 21. Nxe6 Rxe6 22. h5 Qh4 23. hxg6 hxg6 24. Rfe1 Bh6 25. Qf2 Qxf2+ 26. Kxf2 Bd2 27. Rh1 Bxc3 28. Bf4+ Bh7 29. Rac1 Bxd4+ 30. Kg3 Bxe5 31. Bxe5+ Rxe5 32. Rxc7 f4+ 33. Kf2 Re6 34. Rcxh7+ Kg8 35. Rh8+ Kf7 1-0

[Event "SVK-ch rapid"]
[Site "Topolcany"]
[Date "2020.07.11"]
[Round "6"]
[White "Pniaczek, Marek"]
[Black "Blaho, Stefan"]
[Result "1-0"]
[WhiteElo "1893"]
[BlackElo "2102"]
[PlyCount "83"]
[EventDate "2020.07.11"]
[EventType "swiss (rapid)"]
[EventRounds "9"]
[EventCountry "SVK"]
[SourceTitle "CBM 197 Extra"]
[Source "ChessBase"]
[SourceDate "2020.09.30"]
[SourceVersion "1"]
[SourceVersionDate "2020.09.30"]
[SourceQuality "1"]

1. e4 c5 2. Nf3 d6 3. d4 cxd4 4. Qxd4 Nc6 5. Qe3 g6 6. c4 Bg7 7. Nc3 Nf6 8. Be2 b6 9. 0-0 0-0 10. Rd1 Bb7 11. h3 Qb8 12. Rb1 Rd8 13. b3 Nd7 14. Bb2 Nc5 15. Nd5 e5 16. Rd2 Ne6 17. Rbd1 Rd7 18. Nc3 Ncd4 19. Nb5 Nxf3+ 20. Bxf3 Bc6 21. Nc3 Nd4 22. Nd5 Bxd5 23. exd5 Qd8 24. Be4 f5 25. Bb1 Qf6 26. Bxd4 exd4 27. Rxd4 Re7 28. Qc3 Rae8 29. Qc2 Re1+ 30. Kh2 Qxd4 31. Rxd4 Bxd4 32. Qd2 Be5+ 33. f4 Re2 34. Qc1 Re1 35. Qd2 Re2 36. Qc1 Bf6 37. Bd3 R2e3 38. Qd2 Bh4 39. b4 Bg3+ 40. Kg1 Re1+ 41. Bf1 Ra1 42. Qc3 1-0

[Event "SVK-ch rapid"]
[Site "Topolcany"]
[Date "2020.07.11"]
[Round "1"]
[White "Szaszak, Robert"]
[Black "Blaho, Stefan"]
[Result "0-1"]
[WhiteElo "1619"]
[BlackElo "2102"]
[PlyCount "58"]
[EventDate "2020.07.11"]
[EventType "swiss (rapid)"]
[EventRounds "9"]
[EventCountry "SVK"]
[SourceTitle "CBM 197 Extra"]
[Source "ChessBase"]
[SourceDate "2020.09.30"]
[SourceVersion "1"]
[SourceVersionDate "2020.09.30"]
[SourceQuality "1"]

1. e4 c5 2. Nf3 d6 3. Bc4 Nf6 4. Nc3 a6 5. a4 g6 6. h3 Bg7 7. d4 cxd4 8. Nxd4 0-0 9. Nf3 Nbd7 10. Be3 b6 11. Qc1 Bb7 12. Bd3 Rc8 13. 0-0 Nc5 14. Bxc5 Rxc5 15. Qe3 Qa8 16. Rfe1 Rfc8 17. e5 dxe5 18. Nxe5 Bxg2 19. Be4 Nxe4 20. Nxe4 Bxe4 21. Nd7 Bh1 22. Qg3 Bf6 23. Nxc5 Rxc5 24. Kh2 Bf3 25. c3 Rg5 26. Qf4 Rg2+ 27. Kh1 Rg4+ 28. Kh2 Rxf4 29. Re3 Bh4 0-1

[Event "SVK-chT3A2 1819"]
[Site "Slovakia"]
[Date "2019.03.10"]
[Round "10.1"]
[White "Blaho, Stefan"]
[Black "Filip, Frantisek"]
[Result "1-0"]
[WhiteElo "2043"]
[BlackElo "1733"]
[PlyCount "98"]
[EventDate "2018.10.07"]
[EventType "team-tourn"]
[EventRounds "11"]
[EventCountry "SVK"]
[SourceTitle "EXT 2020"]
[Source "ChessBase"]
[SourceDate "2019.10.17"]
[SourceVersion "1"]
[SourceVersionDate "2019.10.17"]
[SourceQuality "1"]
[WhiteTeam "Dunajska Streda II"]
[BlackTeam "Hlohovec"]
[WhiteTeamCountry "SVK"]
[BlackTeamCountry "SVK"]

1. d4 Nf6 2. Nf3 e6 3. c4 c6 4. Nc3 Be7 5. Bg5 h6 6. Bh4 d5 7. e3 Nbd7 8. Bd3 dxc4 9. Bxc4 Nb6 10. Bd3 Nbd5 11. 0-0 Qc7 12. Rc1 Nb4 13. Bb1 0-0 14. a3 Nbd5 15. Qd3 g6 16. Ne5 Bd8 17. Ne2 Nh7 18. Bg3 Qe7 19. Nf4 Nxf4 20. Bxf4 Bc7 21. Bxh6 Rd8 22. Qe4 Bxe5 23. dxe5 f5 24. exf6 Qxf6 25. Qxg6+ Qxg6 26. Bxg6 e5 27. Rfd1 Be6 28. Kf1 Bf7 29. Bf5 Nf8 30. Bg5 Rd5 31. Bf6 Re8 32. e4 Rxd1+ 33. Rxd1 Bg6 34. Bxg6 Nxg6 35. Rd7 Nf4 36. Rxb7 Re6 37. Bg5 Nd3 38. b4 c5 39. bxc5 Nxc5 40. Rxa7 Nxe4 41. Be3 Rd6 42. g4 Nf6 43. h3 Nd5 44. Bg5 Nc3 45. a4 Ne4 46. Be3 Rd1+ 47. Kg2 Ra1 48. Ra5 Nd6 49. Ra7 Rd1 1-0

[Event "SVK-chT1W 1617"]
[Site "Slovakia"]
[Date "2016.10.16"]
[Round "2.7"]
[White "Reisel, Frantisek"]
[Black "Blaho, Stefan"]
[Result "1-0"]
[WhiteElo "2032"]
[BlackElo "2021"]
[PlyCount "113"]
[EventDate "2016.10.15"]
[EventType "team-tourn"]
[EventRounds "11"]
[EventCountry "SVK"]
[SourceTitle "CBM 175 Extra"]
[Source "ChessBase"]
[SourceDate "2016.12.12"]
[SourceVersion "1"]
[SourceVersionDate "2016.12.12"]
[SourceQuality "1"]
[WhiteTeam "Prievidza"]
[BlackTeam "Podhajska Termal"]
[WhiteTeamCountry "SVK"]
[BlackTeamCountry "SVK"]

1. d4 Nf6 2. c4 d6 3. Nc3 Nbd7 4. e4 e5 5. d5 Nc5 6. f3 a5 7. Be3 Be7 8. Nge2 h5 9. h4 Nh7 10. g3 g6 11. Qd2 a4 12. Nc1 b6 13. Nd3 f5 14. 0-0-0 Nf6 15. Nxc5 bxc5 16. Bd3 Bd7 17. Bg5 Qb8 18. Qc2 Qb4 19. Bd2 Qb6 20. Rde1 Rb8 21. Nd1 fxe4 22. fxe4 Ng4 23. Be2 0-0 24. Ref1 Rxf1 25. Rxf1 Nh2 26. Rf2 Ng4 27. Bxg4 Bxg4 28. Ne3 Bd7 29. Bc3 Rf8 30. Nd1 Qb8 31. Rxf8+ Qxf8 32. Qf2 Qxf2 33. Nxf2 g5 34. hxg5 Bxg5+ 35. Bd2 Bxd2+ 36. Kxd2 Kg7 37. Kc3 Kg6 38. b4 axb3 39. Kxb3 Kg5 40. a4 c6 41. a5 cxd5 42. exd5 Kf5 43. Kc3 Bc8 44. Kd3 Ba6 45. Ne4 Kg4 46. Nxd6 Kxg3 47. Ne4+ Kf4 48. d6 Bc8 49. Nxc5 h4 50. a6 h3 51. a7 e4+ 52. Kd4 h2 53. a8Q h1Q 54. Qxe4+ Qxe4+ 55. Nxe4 Bb7 56. d7 Bxe4 57. d8Q 1-0

[Event "SVK-chT3A2 1516"]
[Site "Slovakia"]
[Date "2016.03.06"]
[Round "9.4"]
[White "Blaho, Stefan"]
[Black "Miciak, Emanuel"]
[Result "1-0"]
[WhiteElo "2019"]
[BlackElo "1845"]
[PlyCount "63"]
[EventDate "2015.10.11"]
[EventType "team-tourn"]
[EventRounds "11"]
[EventCountry "SVK"]
[SourceTitle "EXT 2020"]
[Source "ChessBase"]
[SourceDate "2019.10.17"]
[SourceVersion "1"]
[SourceVersionDate "2019.10.17"]
[SourceQuality "1"]
[WhiteTeam "Dunajska Streda II"]
[BlackTeam "Vrbove"]
[WhiteTeamCountry "SVK"]
[BlackTeamCountry "SVK"]

1. d4 Nf6 2. Nf3 g6 3. Bf4 Bg7 4. e3 d6 5. h3 0-0 6. Be2 c5 7. c3 Qb6 8. Qb3 Qxb3 9. axb3 Be6 10. Nbd2 Bd5 11. 0-0 Ne4 12. Nc4 Nd7 13. Rfd1 cxd4 14. exd4 b6 15. Ra3 a6 16. Rda1 Bb7 17. b4 f6 18. Ncd2 Nxd2 19. Nxd2 e5 20. Be3 b5 21. dxe5 fxe5 22. Nb3 d5 23. Bg4 Rf5 24. Bxf5 gxf5 25. Na5 Bc8 26. Rd1 f4 27. Bc5 Nxc5 28. bxc5 Be6 29. Nc6 Kf7 30. Re1 e4 31. Nd4 Bd7 32. Rea1 1-0

[Event "SVK-chT2B 1516"]
[Site "Slovakia"]
[Date "2015.11.07"]
[Round "3.1"]
[White "Lukacovic, Miroslav"]
[Black "Blaho, Stefan"]
[Result "1-0"]
[WhiteElo "1993"]
[BlackElo "2019"]
[PlyCount "47"]
[EventDate "2015.10.17"]
[EventType "team-tourn"]
[EventRounds "11"]
[EventCountry "SVK"]
[SourceTitle "EXT 2019"]
[Source "ChessBase"]
[SourceDate "2018.10.10"]
[SourceVersion "1"]
[SourceVersionDate "2018.10.10"]
[SourceQuality "1"]
[WhiteTeam "Sala Slovan Duslo"]
[BlackTeam "Podhajska Termal"]
[WhiteTeamCountry "SVK"]
[BlackTeamCountry "SVK"]

1. d4 Nf6 2. c4 d6 3. Nc3 Nbd7 4. g3 c6 5. Bg2 e5 6. e3 Be7 7. Nge2 0-0 8. b3 Re8 9. 0-0 Qc7 10. Ba3 Nf8 11. Qc2 Qa5 12. Bb2 exd4 13. Nxd4 Qh5 14. Qe2 Bg4 15. Bf3 c5 16. Bxg4 Nxg4 17. Nf3 Bf6 18. Kg2 Nxh2 19. Rh1 Bxc3 20. Bxc3 Re6 21. Nd4 Qxe2 22. Nxe2 Ng4 23. Nf4 Rh6 24. Kf3 1-0